| 000 | 00446cam a2200181ua 4500 | ||
|---|---|---|---|
| 001 | 5618 | ||
| 008 | 131005n ii |||gr||||Z||||||eng | ||
| 040 | _cMAIN | ||
| 082 | _a954.162 | ||
| 245 | 1 | 1 |
_aHistory Of Assam _cBy Debabrata Dutta |
| 250 | _a3rd ed. | ||
| 260 |
_aCalcutta: _bSribhumi Publishing Company, _c1986. |
||
| 300 | _a238p. | ||
| 653 | _aHistory | ||
| 653 | _aHistory Of Assam | ||
| 700 | 1 |
_aDutta,Debabrata, _eAuthor. |
|
| 942 | _cBK | ||
| 999 |
_c4779 _d4779 |
||